Statistics for Water in classical music

Click here to take the quiz!

General Stats

  • This quiz has been taken 62 times
  • The average score is 8 of 17

Answer Stats

PieceAnswer% Correct
La MerClaude Debussy
91%
Swan LakePyotr Tchaikovsky
89%
Water MusicGeorge Frideric Handel
84%
The Blue DanubeJohann Strauss Jr.
84%
The MoldauBedrich Smetana
72%
Raindrop PreludeFrederic Chopin
72%
RheingoldRichard Wagner
54%
Jeux d’Eaux (Playing Water)Maurice Ravel
47%
Fontane di RomaOttorino Respighi
44%
"Rhenish" SymphonyRobert Schumann
37%
A Sea SymphonyRalph Vaughan Williams
28%
Reflections on the WaterClaude Debussy
26%
The Water GoblinAntonin Dvorak
23%
Calm Sea and Prosperous VoyageLudwig van Beethoven / Felix Mendelssohn
18%
Hamburg Ebb and Flood (also called Water Music)Georg Philipp Telemann
14%
To sing on the WaterFranz Schubert
12%
The DanubeLeos Janacek
5%

Score Distribution

Percentile by Number Answered

Percent of People with Each Score

Your Score History

You have not taken this quiz